00417 a2200133 4500001000900000005001700009008004100026245008600067100001900153700002600172700002000198773004800218999001700266ART_617720260410161825.0260409a 10aAlgunos aspectos socio-demográficos de la población estable de nuestra ciudad1 aBerges, Miriam1 aDi Paola, Rosángela1 aRodriguez, Elsa0 tFACESg- Año 1, Nº 1 (jun 1995)wREV5046 c22710d22710